000 00841nam a2200253Ia 4500
003 OSt
005 20220923230455.0
006 a|||||r|||| 00| 0
007 ta
008 Pun
020 _c150
024 _a282,365
037 _b881, 12/08/2014, H.K. Prakashan
_cTextual
040 _aARTS
_cARTS
_bPun
041 _2Pun
_aPun
082 _aV2:51.M77w, 153P1;P8
100 _aਘੁੰਮਣ, ਬਿਕਰਮ ਸਿੰਘ
_9156274
245 0 _aਸੰਤ ਬਾਬਾ ਵਿਸਾਖਾ ਸਿੰਘ
260 _aਅੰਮ੍ਰਿਤਸਰ
_b ਵਾਰਿਸ Fਾਹ
_c2008
300 _a208ਪੰ
_ccm.
650 _aਭਾਰਤੀਯ ਇਤਿਹਾਸ
942 _hV2:51.M77w, 153P1;P8
_cTEXL
_2CC
999 _c385087
_d385087